| 000 | 00874nam a22002177a 4500 | ||
|---|---|---|---|
| 999 |
_c58724 _d58724 |
||
| 005 | 20220708101934.0 | ||
| 008 | 220708s2017en xxu||||| |||| 00| 0 eng d | ||
| 020 | _a9781520525075 | ||
| 041 | _aeng | ||
| 080 | _a37 R-35 | ||
| 100 |
_aReagan, A North. _914321 |
||
| 245 |
_aMotivational interviewing for school counselors / _cA North, Reagan |
||
| 264 |
_aUSA, _c2017. |
||
| 300 |
_a157 pages ; _b23 cm. |
||
| 653 | _aMotivational interviewing for school counselors | ||
| 653 | _a Student counselors -- Training of. Motivational interviewing. Educational counseling. | ||
| 653 | _aსამოტივაციო ინტერვიუ სკოლის მრჩეველებისთვის | ||
| 653 | _aსაგანმანათლებლო კონსულტაცია. | ||
| 653 | _aგანათლება | ||
| 942 |
_2udc _cBK |
||